000 01291nam a22003257a 4500
003 CHAP
005 20220329133910.0
008 971013s1982 mx a r 00010 spa d
010 _a12439
011 _a13411
035 _a17482
040 _cCHAP
090 _aTesis
100 0 0 _aCarrizales Espinosa, Isaac.
_919569
245 1 0 _aAdaptación y rendimiento de 5 variedades comerciales de cártamo (Carthamus tinctorius L.) con y sin efecto de fertilización en el ejido La Reforma Municipio de Mante, Tamps. en el ciclo otoño-invierno 1979-1980
_c/por Isaac Carrizales Espinosa
260 _aMarín, N.L. :
_bEl autor,
_c1982
300 _a50 h. :
_bgráfs.
502 _aTesis (Ing. Agr. Fitotecnista) -- Universidad Autónoma de Nuevo León. Fac. de Agronomía
590 _aALEPH
_b10
_c20130110
_lUCH01
_h1231
590 _aBATCH-UPD
_b10
_c20130109
_lUCH01
_h2352
590 _aBATCH-UPD
_b10
_c20130110
_lUCH01
_h2130
590 _aCONVERSION
_b10
_c20130109
_lUCH01
_h1308
650 1 4 _aAzafrancillo
_xEfecto del medio ambiente.
_99059
650 1 4 _aAzafrancillo
_xRendimiento.
_99075
650 1 4 _aAzafrancillo
_xVariedades.
_99082
650 1 4 _aFertilizantes
_xEfecto en azafrancillo.
_940481
901 _aBK
942 _cTESIS
949 _bBC
_cTES
_d-41251
_eTS1
_f19117
_i17482
_si
999 _c12439
_d12439